000 01401cam a2200325 a 4500
999 _c3591
_d3591
001 12110454
003 OSt
005 20260410020004.0
008 000718s2001 enka b 001 0 eng
010 _a 00059885
020 _a0521651492 (hbk.)
020 _a0521657334 (pbk.)
040 _aDLC
_cDLC
_dDLC
050 0 0 _aQC776
_b.C63 2001
082 0 0 _a539.7COT 2001
100 1 _aCottingham, W. N.; Greenwood, D. A.
_98016
245 1 3 _aAn Introduction to Nuclear Physics
250 _a2nd ed.
260 _bCambridge University Press,
_c2001.
300 _axv, 271 p. :
_bill. ;
_c24 cm.
504 _aIncludes bibliographical references (p. 245) and index.
650 0 _aNuclear physics.
_98014
856 4 1 _3Sample text
_uhttp://www.loc.gov/catdir/samples/cam031/00059885.html
856 4 2 _3Publisher description
_uhttp://www.loc.gov/catdir/description/cam021/00059885.html
856 4 1 _3Table of contents
_uhttp://www.loc.gov/catdir/toc/cam021/00059885.html
856 4 2 _3Contributor biographical information
_uhttp://www.loc.gov/catdir/enhancements/fy0731/00059885-b.html
906 _a7
_bcbc
_corignew
_d1
_eocip
_f20
_gy-gencatlg
942 _2ddc
_cSLOAN
_03